| 000 | 00622nam a22001817a 4500 | ||
|---|---|---|---|
| 005 | 20250425121648.0 | ||
| 010 | _aENG-144769 | ||
| 020 |
_a8185137749(4-volume set), 9788188893386(vol.4) _c220.00 |
||
| 035 | _aEN-128301 | ||
| 037 | _bDBAD/PUB | ||
| 082 | _a181.499 | ||
| 245 |
_aSri Aurobindo to Dilip/ _cEdited by Shankar Bandyopadhyay |
||
| 260 |
_aPune _bHari Krishna Mandir Trust _c2011 |
||
| 270 |
_aHari Krishna Mandir Road Model Colony _bPune _e411016 _mharikrishnamandir@gmail.com |
||
| 300 |
_a345 p. _c22 cm(pbk) |
||
| 700 |
_aBandyopadhyay Shankar _980874 |
||
| 942 |
_2ddc _cEN _h181.499 _mSRI |
||
| 999 |
_c211113 _d211113 |
||